000 00448nam a2200181Ia 4500
001 11128
005 20260306161923.0
008 260306t1998||||xx |||||||||||||| ||spa||
041 _aESP
082 _a985.009
_bG21
100 _aGarcilaso de la Vega, Inca
_eAUT
245 0 _aComentarios reales de los incas:
_bepítome
260 _c1998
300 _a204 páginas :
_c21 cm.
650 _aGEN
654 _aCHU
942 _cLIB
_dJUS
_fJUS
_2ddc
_n
999 _c11128
_d11128